Impact of continuous application of copper fungicides on ecosystems of the major rubber growing tracts of Kerala and Tamil Nadu: Final report of collaborative research project of the KAU and RRII funded by the World Bank (Record no. 43908)

MARC details
000 -LEADER
fixed length control field 00538nam a2200121Ia 4500
082 ## - DEWEY DECIMAL CLASSIFICATION NUMBER
Classification number NR:631:546.56 (047)
Item number KAU
245 #0 - TITLE STATEMENT
Title Impact of continuous application of copper fungicides on ecosystems of the major rubber growing tracts of Kerala and Tamil Nadu: Final report of collaborative research project of the KAU and RRII funded by the World Bank
260 ## - PUBLICATION, DISTRIBUTION, ETC. (IMPRINT)
Place of publication Thiruvananthapuram
Name of publisher Kerala Agricultural University
Year of publication 2000
505 ## - FORMATTED CONTENTS NOTE
Formatted contents note Closed Reference/report
650 ## - SUBJECT ADDED ENTRY--TOPICAL TERM
Topical Term Copper fungicides
650 ## - SUBJECT ADDED ENTRY--TOPICAL TERM
Topical Term Rubber growing tracts
942 ## - ADDED ENTRY ELEMENTS (KOHA)
Koha item type Reference
Holdings
Withdrawn status Lost status Damaged status Not for loan Home library Current library Date acquired Source of acquisition Full call number Accession Number Koha item type
        RRII Library RRII Library 16/12/2021 Gift NR:631:546.56 (047) KAU G00657 Books